The Laws of Scotland (Record no. 120823)

MARC details
000 -LEADER
fixed length control field 00642cai a22001935a 4500
001 - CONTROL NUMBER
control field E148346
008 - FIXED-LENGTH DATA ELEMENTS--GENERAL INFORMATION
fixed length control field 090908u xxk f 000 0 eng d
035 ## - SYSTEM CONTROL NUMBER
System control number (Sirsi) u148346
041 ## - LANGUAGE CODE
Language code of text/sound track or separate title eng
245 04 - TITLE STATEMENT
Title The Laws of Scotland
Remainder of title Stair Memorial Encyclopaedia
Medium [electronic resource]
260 ## - PUBLICATION, DISTRIBUTION, ETC.
Place of publication, distribution, etc. [S.l.]
Name of publisher, distributor, etc. LexisNexis
Date of publication, distribution, etc. [19-?]
490 ## - SERIES STATEMENT
Series statement The Laws of Scotland
490 ## - SERIES STATEMENT
Series statement Stair Memorial Encycopaedia
520 ## - SUMMARY, ETC.
Summary, etc. Online version of The Laws of Scotland: The Stair Memorial Encyclopedia. Available in the Edinburgh Library only.
650 ## - SUBJECT ADDED ENTRY--TOPICAL TERM
Topical term or geographic name entry element STAIR MEMORIAL ENCYCLOPAEDIA
651 #4 - SUBJECT ADDED ENTRY--GEOGRAPHIC NAME
Geographic name Scotland
Chronological subdivision 1999-
690 ## - LOCAL SUBJECT ADDED ENTRY--TOPICAL TERM (OCLC, RLIN)
Topical term or geographic name as entry element PROPERTY
942 ## - ADDED ENTRY ELEMENTS (KOHA)
Suppress in OPAC 0
Holdings
Withdrawn status Lost status Source of classification or shelving scheme Damaged status Not for loan Home library Current library Shelving location Date acquired Total Checkouts Full call number Barcode Date last seen Copy number Price effective from Koha item type
    Dewey Decimal Classification     Virtual Virtual Online 08/09/2009   WEBSITE 148346-2001 06/08/2019 1 06/08/2019 Online material